Evaluation of bowl sludges as a source of phosphorus nutrient for Hevea brasiliensis (Record no. 46915)
[ view plain ]
| 000 -LEADER | |
|---|---|
| fixed length control field | 01254nam a2200217Ia 4500 |
| 100 ## - MAIN ENTRY--AUTHOR NAME | |
| Personal name | George E S |
| 245 #0 - TITLE STATEMENT | |
| Title | Evaluation of bowl sludges as a source of phosphorus nutrient for Hevea brasiliensis |
| 260 ## - PUBLICATION, DISTRIBUTION, ETC. (IMPRINT) | |
| Name of publisher | Natural Rubber Research |
| Year of publication | 2005 |
| 300 ## - PHYSICAL DESCRIPTION | |
| Number of Pages | 176-182 |
| 520 ## - SUMMARY, ETC. | |
| Summary, etc | Field experiments conducted at two locations in Kerala, India to evaluate bowl sludge, a waste product from latex centrifuge factories, revealed its usefulness as a source of phosphorus nutrient for rubber (Hevea brasiliensis). The increment in girth and yield was comparable to that when super phosphate or mussoorie rock phosphate was used. Soil chemical properties were not affected by continued application though bowl sludge contained appreciable quantity of magnesium. Leaf and latex nutrient contents were also unaffected. The result of the study indicated bowl sludge as a potential source of phosphorus fertilizer for rubber plantations. |
| 650 ## - SUBJECT ADDED ENTRY--TOPICAL TERM | |
| Topical Term | Bowl sludge |
| 650 ## - SUBJECT ADDED ENTRY--TOPICAL TERM | |
| Topical Term | Bowl sludge |
| 650 ## - SUBJECT ADDED ENTRY--TOPICAL TERM | |
| Topical Term | Phosphatic fertilizers |
| 650 ## - SUBJECT ADDED ENTRY--TOPICAL TERM | |
| Topical Term | Phosphatic fertilizers |
| 650 ## - SUBJECT ADDED ENTRY--TOPICAL TERM | |
| Topical Term | Waste utilization |
| 650 ## - SUBJECT ADDED ENTRY--TOPICAL TERM | |
| Topical Term | Waste utilization |
| 700 ## - ADDED ENTRY--PERSONAL NAME | |
| Personal name | Karthikakutyamma M |
| 700 ## - ADDED ENTRY--PERSONAL NAME | |
| Personal name | Punnoose K I |
| 942 ## - ADDED ENTRY ELEMENTS (KOHA) | |
| Koha item type | Articles |
| Withdrawn status | Lost status | Damaged status | Not for loan | Home library | Current library | Shelving location | Date acquired | Serial Enumeration / chronology | Koha item type |
|---|---|---|---|---|---|---|---|---|---|
| Articles | RRII Library | RRII Library | Agronomy | 20/12/2006 | Volume 18, Issue 2 | Articles |